000 00914nmm a2200277 a 4500
001 ocm0001094519
003 TR-IsHL
005 20201028152034.0
008 150709s2010 tu tur
007 cr cn
020 _a9789944254731
035 _a1094519
_b(N$T)
050 0 4 _aPZ90.T8
_bŞ456 2010
090 0 4 _aPZ90.T8
_bŞ456 2010
245 1 0 _aŞeker'le öğreniyorum: yağmurun anlamı
_h[electronic resource] /
_ceditör Öykü Zerrem ; resimleyen Ercan Dinçer
260 _aİstanbul :
_bPolat Kitapçılık,
_c2010
300 _a26 p.
650 4 _aDil ve Edebiyat
650 4 _aLanguage and Literature
650 0 _aÇocuk edebiyatı
650 0 _aChildren literature
650 7 _aJUVENILE FICTION / General
_2bisacsh
700 1 _aZerrem, Öykü
700 1 _aDinçer, Ercan
856 4 0 _uhttp://search.ebscohost.com/login.aspx?direct=true&scope=site&db=e011xww&AN=1094519
999 _c11321
_d11321